[Event "Foxwoods op 05th"]
[Site "Connecticut"]
[Date "2003.04.20"]
[Round "6"]
[White "Aramil, William J"]
[Black "Benen, Samson"]
[Result "0-1"]
[WhiteElo "2225"]
[BlackElo "2251"]
[PlyCount "50"]
[EventDate "2003.04.17"]
[EventType "swiss"]
[EventRounds "7"]
[EventCountry "USA"]
[SourceTitle "CBM 093 Extra"]
[Source "ChessBase"]
[SourceDate "2003.05.09"]
[SourceVersion "1"]
[SourceVersionDate "2003.05.09"]
[SourceQuality "1"]

1. e4 e5 2. Nf3 Nc6 3. Bc4 Bc5 4. b4 Bb6 5. 0-0 d6 6. a4 a6 7. c3 Nf6 8. d4 Bg4 9. a5 Ba7 10. Qb3 0-0 11. dxe5 dxe5 12. Rd1 Qc8 13. b5 axb5 14. Qxb5 Nxe4 15. a6 Bxf3 16. gxf3 Qh3 17. Be3 Bxe3 18. fxe3 Qxf3 19. Rf1 Qg4+ 20. Kh1 Nd6 21. Bxf7+ Rxf7 22. Qd5 Qe4+ 23. Qxe4 Rxf1+ 24. Kg2 Nxe4 25. Kxf1 Rxa6 0-1

[Event "Foxwoods op 05th"]
[Site "Connecticut"]
[Date "2003.04.19"]
[Round "4"]
[White "Rohde, Michael A"]
[Black "Benen, Samson"]
[Result "1-0"]
[WhiteElo "2504"]
[BlackElo "2251"]
[PlyCount "55"]
[EventDate "2003.04.17"]
[EventType "swiss"]
[EventRounds "7"]
[EventCountry "USA"]
[SourceTitle "CBM 093 Extra"]
[Source "ChessBase"]
[SourceDate "2003.05.09"]
[SourceVersion "1"]
[SourceVersionDate "2003.05.09"]
[SourceQuality "1"]

1. Nf3 d5 2. c4 e6 3. d4 c6 4. Qc2 Nf6 5. g3 dxc4 6. Qxc4 b5 7. Qc2 Bb7 8. Bg2 Nbd7 9. a4 a6 10. 0-0 c5 11. Bg5 Rc8 12. axb5 axb5 13. Qb3 Qb6 14. Na3 Bc6 15. Bxf6 Nxf6 16. Ne5 Bxg2 17. Kxg2 Rb8 18. Qxb5+ Qxb5 19. Nxb5 Rxb5 20. Ra8+ Ke7 21. Rfa1 Rb7 22. dxc5 Ne8 23. Rd1 Nc7 24. c6 Rxb2 25. Rd7+ Kf6 26. f4 Rxe2+ 27. Kf3 Nxa8 28. Rxf7# 1-0

[Event "New York Masters Int 1st"]
[Site "New York"]
[Date "2003.03.10"]
[Round "5"]
[White "Chernin, Oliver"]
[Black "Benen, Samson"]
[Result "1/2-1/2"]
[WhiteElo "2207"]
[BlackElo "2251"]
[PlyCount "84"]
[EventDate "2003.02.03"]
[EventType "tourn"]
[EventRounds "9"]
[EventCountry "USA"]
[SourceTitle "CBM 092 Extra"]
[Source "ChessBase"]
[SourceDate "2003.03.07"]
[SourceVersion "1"]
[SourceVersionDate "2003.03.07"]
[SourceQuality "1"]

1. c4 b6 2. Nc3 Bb7 3. e4 e5 4. Nf3 Nc6 5. d4 exd4 6. Nxd4 Bb4 7. Be2 Nf6 8. f3 0-0 9. Be3 Bxc3+ 10. bxc3 Re8 11. 0-0 d6 12. Bg5 h6 13. Bh4 Ne5 14. Nf5 Ng6 15. Bf2 Bc8 16. Ne3 Nf4 17. Re1 Ba6 18. Bf1 Nd7 19. Nd5 Nxd5 20. cxd5 Bxf1 21. Rxf1 Ne5 22. Bd4 Qd7 23. Qe1 c5 24. dxc6 Nxc6 25. Qd2 Rac8 26. Rac1 Qe6 27. Rfd1 Na5 28. Bf2 Rc6 29. Qd5 Qxd5 30. Rxd5 Nc4 31. Rd3 f6 32. Bd4 Kf7 33. Kf2 d5 34. exd5 Rd6 35. Be3 Re5 36. Rc2 Rexd5 37. Rxd5 Rxd5 38. Bd4 Rb5 39. Re2 Rb1 40. g4 Rb2 41. Rxb2 Nxb2 42. Ke3 Ke6 1/2-1/2

[Event "New York Masters Int 1st"]
[Site "New York"]
[Date "2003.02.24"]
[Round "3"]
[White "Bierkens, Pieter"]
[Black "Benen, Samson"]
[Result "0-1"]
[WhiteElo "2250"]
[BlackElo "2251"]
[PlyCount "122"]
[EventDate "2003.02.03"]
[EventType "tourn"]
[EventRounds "9"]
[EventCountry "USA"]
[SourceTitle "CBM 092 Extra"]
[Source "ChessBase"]
[SourceDate "2003.03.07"]
[SourceVersion "1"]
[SourceVersionDate "2003.03.07"]
[SourceQuality "1"]

1. e4 e5 2. Nf3 Nc6 3. Bb5 a6 4. Ba4 d6 5. c4 Nge7 6. Nc3 Bd7 7. 0-0 Ng6 8. d4 Be7 9. Nd5 h6 10. Nxe7 Qxe7 11. Be3 0-0 12. dxe5 dxe5 13. b4 Rfd8 14. Bc5 Qe6 15. Qc2 Nf4 16. Bxc6 Bxc6 17. Ne1 Nd3 18. f3 Nxc5 19. bxc5 Qd7 20. Qf2 Qd4 21. Rc1 Qxf2+ 22. Rxf2 Rd4 23. Rfc2 Rad8 24. Kf2 Ba4 25. Re2 Bd1 26. Rb2 Rd2+ 27. Rxd2 Rxd2+ 28. Ke3 Re2+ 29. Kd3 Rxe1 30. Kd2 Re2+ 31. Kd3 Rxg2 32. Rxd1 Rxa2 33. Rb1 Ra3+ 34. Ke2 Ra5 35. Rxb7 Rxc5 36. Kd3 Kf8 37. Ra7 Rc6 38. Kc3 Ke7 39. Ra8 Rf6 40. c5 Rxf3+ 41. Kc4 Rf6 42. Kd5 Re6 43. c6 Rd6+ 44. Kc5 Rd8 45. Ra7 Rc8 46. Kd5 Kf6 47. Rxa6 Rd8+ 48. Kc5 Ke6 49. Ra7 Rc8 50. Ra3 h5 51. h4 g6 52. Rd3 Re8 53. Rd7 Re7 54. Rd8 f5 55. exf5+ Kxf5 56. Rd5 Kf6 57. Rd8 e4 58. Kd4 e3 59. Rf8+ Kg7 60. Rf1 e2 61. Re1 Kf6 0-1

[Event "USA-chT Amateur East"]
[Site "Parsippany"]
[Date "2003.02.17"]
[Round "6"]
[White "Benen, Samson"]
[Black "Milovanovic, Rade"]
[Result "1/2-1/2"]
[WhiteElo "2251"]
[BlackElo "2403"]
[PlyCount "84"]
[EventDate "2003.02.15"]
[EventType "team"]
[EventRounds "6"]
[EventCountry "USA"]
[SourceTitle "EXT 2004"]
[Source "ChessBase"]
[SourceDate "2003.11.25"]
[SourceVersion "1"]
[SourceVersionDate "2003.11.25"]
[SourceQuality "1"]

1. d4 Nf6 2. c4 e6 3. Nf3 d5 4. g3 Bb4+ 5. Bd2 Be7 6. Qc2 0-0 7. Bg2 c6 8. 0-0 b6 9. b3 Bb7 10. Nc3 Nbd7 11. e4 dxe4 12. Nxe4 c5 13. Nxf6+ Bxf6 14. Bc3 cxd4 15. Nxd4 Bxg2 16. Kxg2 Qc8 17. Qe2 Rd8 18. Rad1 a6 19. Qf3 Ne5 20. Qe4 b5 21. Nxb5 axb5 22. Bxe5 Rxd1 23. Rxd1 Bxe5 24. Qxe5 bxc4 25. bxc4 Qxc4 26. Qa5 Qc8 27. Qb6 h6 28. a4 Kh7 29. Ra1 Qc3 30. Qb7 Ra5 31. Ra2 Qc4 32. Ra3 f5 33. Qb6 Qe4+ 34. Kg1 Rd5 35. Ra1 Qe5 36. Qb1 Rd2 37. Ra2 Rd5 38. Ra1 Qc7 39. Qe1 Re5 40. Qd2 Qc4 41. Re1 Rxe1+ 42. Qxe1 Qxa4 1/2-1/2

[Event "New York Masters 18th"]
[Site "New York"]
[Date "2002.07.23"]
[Round "4"]
[White "Benen, Samson"]
[Black "Furdzik, Rafal"]
[Result "1-0"]
[WhiteElo "2256"]
[BlackElo "2240"]
[PlyCount "47"]
[EventDate "2002.07.23"]
[EventType "swiss (rapid)"]
[EventRounds "4"]
[EventCountry "USA"]
[SourceTitle "EXT 2003"]
[Source "ChessBase"]
[SourceDate "2002.11.25"]
[SourceVersion "1"]
[SourceVersionDate "2002.11.25"]
[SourceQuality "1"]

1. d4 Nf6 2. Nf3 e6 3. c4 d5 4. g3 dxc4 5. Bg2 Nc6 6. Qa4 Bb4+ 7. Bd2 Nd5 8. Bxb4 Ndxb4 9. a3 b5 10. Qxb5 Nc2+ 11. Kd2 Nxa1 12. Qxc6+ Bd7 13. Qxc4 c5 14. Qa2 Qa5+ 15. Nc3 cxd4 16. Nxd4 Rd8 17. Rxa1 e5 18. b4 Qb6 19. Nc2 Qxf2 20. Ne3 Be6+ 21. Bd5 0-0 22. Qc4 Qxh2 23. Qh4 Qg2 24. Nxg2 1-0